Connais-tu vraiment Rillieux-la-Pape ? - Statistiques

Statistiques générales
  • Ce quiz a été pris 11 fois
    4 depuis la dernière actualisation
  • Le résultat moyen est 17 sur 18
Statistiques - réponses
Question Réponse % Correct
Quelle est la particularité de la Ville Nouvelle ? A. Elle a été construite très rapidement
100%
Quel animal est (officieusement) le plus aperçu à Rillieux ? A. Le pigeon urbain
100%
Rillieux-la-Pape est aujourd’hui surtout connue pour : A. Son dynamisme associatif et culturel
100%
Où se situe Rillieux-la-Pape ? B. Dans la métropole de Lyon
100%
Rillieux-la-Pape a connu un fort développement urbain principalement : B. Dans les années 1960-1970
100%
Quel grand parc est situé à Rillieux-la-Pape ? B. Le parc Brosset
100%
Quel fleuve est le plus proche de Rillieux-la-Pape ? B. Le Rhône
100%
Rillieux-la-Pape est historiquement connue pour : B. Son passé agricole et maraîcher
100%
D’où vient le nom « la-Pape » ? B. Une butte fortifiée en vieux lyonnais
100%
Quel moyen de transport dessert Rillieux-la-Pape ? C. Le bus TCL
100%
Selon la légende locale, que se passe-t-il si tu dis « Rillieux » trop vite ? D. Rien, mais tu as essayé
100%
Rillieux-la-Pape est composée de plusieurs quartiers. Lequel existe vraiment ? D. Tous les précédents
100%
Le véritable super-pouvoir de Rillieux-la-Pape, c’est : D. Tout ça à la fois (et c’est déjà pas mal)
100%
À quelle grande ville Rillieux-la-Pape est-elle voisine ? D. Toutes ces réponses
100%
Quel événement n’a jamais eu lieu à Rillieux-la-Pape ? D. Une invasion de zombies officiellement reconnue
100%
Comment sont appelés les habitants ? Les Rilliards
100%
Le pourcentage de chômage à Rillieux en 2022 est de ? 15,6 % donc 2 040 chômeurs
50%
Combien y a-t-il d'habitants ? 31 479
50%
Aucun quiz correspondant
Distribution des résultats
% des personnes avec chaque résultat
Percentile par nombre de réponses
Votre historique - résultats
Vous n’avez pas pris ce quiz depuis la dernière actualisation